00977nam a2200265 u 450000100100000000500170001000800410002702000180006804100090008604300120009510000310010724501600013825000120029826000310031030000280034150000760036952100320044553400370047765000250051465000290053965000300056865000330059870000310063170000490066200006176820200120224118.0140707s2009 sp a br| 000 0 spa d a97895857504870 aNspa as-p----1 aCarroll, Lewis,d1832-189810aLas aventuras de Alicia en el país de las maravillas /cLewis Carroll ; ilustraciones de Robert Ingpen ; traducción de Rosa María Borrás Montané. a1a. ed. aBarcelona :bBlume,c2009. a191 p. :bil. ;e24 cm. aEj.1 Biblioteca Marichuela donado por el Ministerio de Educación 20140 aRecomendado de 6 a 8 años tAlice's adventures in wonderland17aNovela inglesa2LEMB27aLiteratura inglesa2LEMB27aLiteratura infantil2LEMB27aHistorias de aventuras2LEMB1 aIngpen, Roberteilustrador1 aBorrás Montané, Rosa Maríaetraductora